000 01060nam a2200241Ia 4500
003 Ost
005 20260507075112.0
008 260507s9999||||xx |||||||||||||| ||und||
020 _a635919977
040 _cfsecg
041 _aara
082 _a330
100 _aزيليوكس، دانيل
_eمؤلف
245 0 _aالمرشد الأساسي في التجارة الإلكترونية /
_c دانيل زيليوكس
260 _aالقاهرة:
_bمجموعة النيل العربية,
_c2003
300 _a244 صفحة؛
_c24 سم
504 _aببليوغرافيا:ص.5-6؛ملحق المصطلحات الهامة:ص.219-244
520 _aلماذا نحتاج إلى الاتصال بالإنترنت-تحليل إمكاناتك على الإنترنت-الوصول إلى الموقع،بناء الصفحة،وراء الكواليس،الترويج للموقع
653 _aالأنترنيت
653 _aالتجارة الإلكترونية
700 _aالجمل، هاني مهدي
_eمؤلف ثانوي
942 _cكتاب
999 _c42936
_d42936